02394nam a2200421 i 4500001001000000003000900010005001700019007000300036008004100039020001500080040003000095041000800125082002400133100008800157245010000245250002200345264012700367300002200494336002700516337003300543338002800576490007400604490003800678490004000716500002100756505063500777590002601412650003101438650003301469650003301502650003001535830011201565830004501677910004201722942001401764952017701778999001701955000027934DO-SdBNP20260116105540.0ta101006s2002 dr r 001 0 spa d a9993462020 aDO-SdBNPbspacBNPHUerda aspa 4a302bM516p 20022221 a Mejía-Ricart G., Tirso,d1936-2021q(Mejía-Ricart Guzmán)eautor4aut.9156910aPsicología social y sus aplicaciones :bpsicología social básica /cTirso Mejía Ricart. aTercera edición 4aSanto Domingo, República Dominicana : bEditora Universitaria-UASD:bFundación Mejía Ricart-Guzmán Boom,c©2002. avolumen ;c23 cm. atextobtxt2rdacontent asin mediaciónbn2rdamedia avolumenbnc2rdacarrier1 aPublicaciones de la Universidad Autónoma de Santo Domingo ;v1055 ;1 aColección textos básicos ;v51 aColección estudios sociales ;v06 aIncluye índice0 av.1--tPsicología social básica --tLas bases de la psicología básica --tLas actitudes y los procesos psicosociales --tLa conducta colectivagv.2tConducta desviada y problemas sociales --tEl comportamiento desviado--tDesviaciones que afectan primariamente a los individuos--tDesviaciones que afectan fundamentalmente el orden familiar --tDesviaciones que afectan directamente a la comunidad--gv.3--tPerspectivas y recursos de la psicologia social aplicada --tLa psicología social aplicada a los servicios sociales y a las artes --tPsicologia aplicada a la vida economica --tLa psicologia politica y juridica. aInventariado, 2018/VM 4aPsicología social 91574 0aPsicología aplicada 91579 4aActitud (Psicología) 9852 4aConducta colectiva912036 0aPubliacaciones de la Universidad Autónoma de Santo Domingon1055pColección textos básicos ; 5988783 0aColección estudios socialesn06954999 aValidado. Control de calidad. MMOLINA 2ddccLBS1 00102ddc51708PDaBNPHUbBNPHUcHDd2011-04-05eDonado por FUNDIl0oBNPHU PD 302 M516p 2002p27934-10r2020-06-25tv.1w2020-06-25yLBS1zDonado por FUNDIZNo se presta c27426d27426